banner-ar

السيرة النبوية المسمى عيون الاثار فى فنون المغازى و الشمائل و السير / (Record no. 61173)

MARC details
000 -الفاتح
حقل البيانات ثابتة الطول 01292nam a22002777a 4500
005 - وقت وتاريخ اخر تعامل مع التسجيلة
رقم الضبط 20240530110447.0
008 - عناصر البيانات ثابتة الطول - معلومات عامة
حقل البيانات ثابتة الطول 150428s2011 ua a g 000 0 ara d
017 ## - رقم الايداع القانونى
رقم الايداع القانونى 2011/4017
المصدر ( الهيئة المختصة) مصر . دار الكتب المصرية
020 ## - الرقم الدولى المعيارى للكتب
الرقم الدولى المعيارى للكتاب 9789774217823
040 ## - مصدر الفهرسة
وكالة الفهرسة الأصلية EG-CaGPL
082 04 - رقم تصنيف ديوى العشرى
رقم الطبعة 21
رقم التصنيف 239\
رقم المادة م س
100 0# - المدخل الرئيسى - إسم شخصى
الإسم الشخصى محمد عبدالله بن يحيى ابن سيد الناس .
245 12 - بيان العنوان
العنوان السيرة النبوية المسمى عيون الاثار فى فنون المغازى و الشمائل و السير /
بيان المسئوليه,etc تاليف محمد عبدالله بن يحيى ابن سيد الناس ؛ تحقيق محمود الشرقاوى .
260 ## - PUBLICATION, DISTRIBUTION, ETC. (IMPRINT)
تاريخ النشر أو التوزيع 2011.
300 ## - الوصف المادى
التعداد 2 ج ؛
أبعاد الوعاء 24 سم.
650 04 - المدخل الاضافى بالموضوع-مصطلح موضوعى
مصطلح موضوعي السيرة النبوية
650 04 - المدخل الاضافى بالموضوع-مصطلح موضوعى
مصطلح موضوعي غزوة بدر
650 04 - المدخل الاضافى بالموضوع-مصطلح موضوعى
مصطلح موضوعي ابناء النبى
650 04 - المدخل الاضافى بالموضوع-مصطلح موضوعى
مصطلح موضوعي غزوة احد
650 04 - المدخل الاضافى بالموضوع-مصطلح موضوعى
مصطلح موضوعي السيرة النبوية
التقسيم الفرعي العام عصر الجهاد فى سبيل نشر الدعوة
650 04 - المدخل الاضافى بالموضوع-مصطلح موضوعى
مصطلح موضوعي السيرة النبوية
التقسيم الفرعي العام من الميلاد حتى زواجه من خديجة
650 04 - المدخل الاضافى بالموضوع-مصطلح موضوعى
مصطلح موضوعي الاسراء والمعراج
700 0# - المدخل الاضافى - اسم شخصى
الإسم الشخصى محمود الشرقاوى
الدور محقق
942 ## - عناصر المدخل الإضافي( كوها)
مصدر التصنيف او مخطط الترفيف Dewey Decimal Classification
Koha [default] item type كتاب
260 ## - PUBLICATION, DISTRIBUTION, ETC. (IMPRINT)
-- القاهرة :
-- الهيئة المصرية العامة للكتاب ،
Holdings
حالة التراجع حالة الفقد حالة تلف ليس للاعارة المكان المؤقت الموقع الحالى تاريخ الاكتساب اجمالي اﻻعارات رقم الطلب الباركود تاريخ اخر مشاهدة تاريخ تفعيل السعر نوع وعاء كوها
        مكتبة القاهرة الكبرى مكتبة القاهرة الكبرى 04/28/2015   239\ م س 160397 04/28/2015 04/28/2015 كتاب
        مكتبة القاهرة الكبرى مكتبة القاهرة الكبرى 04/28/2015   239\ م س 160398 04/28/2015 04/28/2015 كتاب

Powered By

EGPV